000 00448nam a2200181 a 4500
005 20140311163015.0
008 070208s19uu xx 00 eng d
020 _a1-4039-1627-6
050 _aPN 1994
_b.L23 2005
100 _aLacey, Nick
245 _aIntroduction to Film.
260 _aNew York :
_bPalgrave Macmillan,
_c2005.
300 _a336
_bill. ;
_c24 cm.
521 _aMC
650 _aFilm.
942 _cBK
_2lcc
999 _c39420
_d39420